Eastern European Economics
Salvato in:
| Natura: | Periodico |
|---|---|
| Lingua: | inglese |
| Pubblicazione: |
London
Taylor & Francis
|
| Tags: |
Nessun Tag, puoi essere il primo ad aggiungerne!!
|
MARC
| LEADER | 00000nas1a2200000 4500 | ||
|---|---|---|---|
| 001 | s120508 | ||
| 005 | 20250701092116.6 | ||
| 022 | |a 0012-8775 | ||
| 022 | |a 1557-9298 | ||
| 041 | 0 | |a eng | |
| 044 | |a GB | ||
| 245 | 1 | 0 | |a Eastern European Economics |
| 264 | 1 | |a London |b Taylor & Francis | |